| 000 -LEADER |
| fixed length control field |
01101cam a2200277 i 4500 |
| 005 - DATE AND TIME OF LATEST TRANSACTION |
| control field |
20200310083600.0 |
| 008 - FIXED-LENGTH DATA ELEMENTS--GENERAL INFORMATION |
| fixed length control field |
140707s2015 nyua 001 0 eng |
| 020 ## - INTERNATIONAL STANDARD BOOK NUMBER |
| International Standard Book Number |
9781616892722 (alk. paper) |
| 040 ## - CATALOGING SOURCE |
| Original cataloging agency |
DLC |
| Language of cataloging |
eng |
| Transcribing agency |
DLC |
| Description conventions |
rda |
| Modifying agency |
DLC |
| 042 ## - AUTHENTICATION CODE |
| Authentication code |
pcc |
| 082 00 - DEWEY DECIMAL CLASSIFICATION NUMBER |
| Classification number |
720.108 |
| Edition number |
23 |
| 100 1# - MAIN ENTRY--PERSONAL NAME |
| Personal name |
Brownell, Blaine Erickson, |
| Dates associated with a name |
1970- |
| Relator term |
author. |
| 245 10 - TITLE STATEMENT |
| Title |
Hypernatural : |
| Remainder of title |
architecture's new relationship with nature / |
| Statement of responsibility, etc |
Blaine Brownell and Marc Swackhamer. |
| 250 ## - EDITION STATEMENT |
| Edition statement |
First edition. |
| 300 ## - PHYSICAL DESCRIPTION |
| Extent |
175 pages : |
| Other physical details |
color illustrations ; |
| Dimensions |
22 cm. |
| 490 0# - SERIES STATEMENT |
| Series statement |
Architecture briefs |
| 500 ## - GENERAL NOTE |
| General note |
Includes index. |
| 505 0# - FORMATTED CONTENTS NOTE |
| Formatted contents note |
Geosphere -- Atmosphere -- Hydrosphere -- Biosphere-microbial -- Biosphere-botanical -- Biosphere-zoological -- Noosphere. |
| 650 #0 - SUBJECT ADDED ENTRY--TOPICAL TERM |
| Topical term or geographic name as entry element |
Architecture |
| General subdivision |
Environmental aspects. |
| 650 #0 - SUBJECT ADDED ENTRY--TOPICAL TERM |
| Topical term or geographic name as entry element |
Architecture and technology. |
| 650 #0 - SUBJECT ADDED ENTRY--TOPICAL TERM |
| Topical term or geographic name as entry element |
Nature (Aesthetics) |
| 700 1# - ADDED ENTRY--PERSONAL NAME |
| Personal name |
Swackhamer, Marc, |
| Dates associated with a name |
1970- |
| Relator term |
author. |
| 906 ## - LOCAL DATA ELEMENT F, LDF (RLIN) |
| a |
7 |
| b |
cbc |
| c |
orignew |
| d |
1 |
| e |
ecip |
| f |
20 |
| g |
y-gencatlg |
| 942 ## - ADDED ENTRY ELEMENTS (KOHA) |
| Source of classification or shelving scheme |
|
| 955 ## - COPY-LEVEL INFORMATION (RLIN) |
| Book number/undivided call number, CCAL (RLIN) |
rk11 2014-07-07 |
| Copy status, CST (RLIN) |
rk11 2014-07-07 to Dewey |
| Classification number, CCAL (RLIN) |
xn12 2015-08-04 1 copy rec'd., to CIP ver. |